|
|
|
|
| LEADER |
00906nam a2200193 i 4500 |
| 001 |
acta38839 |
| 005 |
20230328142707.0 |
| 008 |
161201s1980 hu o 0|| hun d |
| 040 |
|
|
|a SZTE Egyetemi Kiadványok Repozitórium
|b hun
|
| 041 |
|
|
|a hun
|
| 245 |
0 |
3 |
|a Az irodalmi elbeszélés elméleti kérdései
|h [elektronikus dokumentum] :
|b narratológiai tanulmányok - a Szegeden, 1978. szeptember 14-16-án tartott irodalomelméleti konferencia előadásai
|
| 260 |
|
|
|a József Attila Tudományegyetem
|b Szeged
|c 1980
|
| 300 |
|
|
|a 373 p.
|c 27 cm
|
| 490 |
0 |
|
|a Studia poetica
|v 1
|
| 650 |
|
4 |
|a Bölcsészettudományok
|
| 650 |
|
4 |
|a Nyelvek és irodalom
|
| 695 |
|
|
|a Irodalomelmélet - tanulmányok, Műfaj - irodalmi - elbeszélés, Szemantika - irodalmi - próza, Strukturalizmus - irodalmi - próza
|
| 700 |
0 |
1 |
|a Kanyó Zoltán
|
| 856 |
4 |
0 |
|u http://acta.bibl.u-szeged.hu/38839/1/studia_poetica_001.pdf
|z Dokumentum-elérés
|